000 00301nam a2200109 4500
999 _c8520
_d8520
008 180209b xxu||||| |||| 00| 0 eng d
245 _aSense of security, yes: happiness:
_bIDPS on ML.
260 _aPhilippines:
_bSun Star Davao,
_cc2017.
300 _apage 4.
650 0 _937103
_aLaw.
942 _2ddc
_cPER